| 000 | 00723nam a22002057a 4500 | ||
|---|---|---|---|
| 999 |
_c63203 _d63203 |
||
| 003 | Ge_BSU | ||
| 005 | 20250626110752.0 | ||
| 008 | 250626s2022 ge ||||| |||| 00| 0 geo d | ||
| 020 | _a9780198866527x | ||
| 041 | _ageo | ||
| 080 | _a342.9 L-54 | ||
| 100 |
_aLenaerts, Koen _925540 |
||
| 245 |
_aEU Constitutional Law / _cKoen Lenaerts and Piet Van Nuffel; Edited by Tim Corthaut. |
||
| 264 |
_aOxford, _c2022. |
||
| 300 |
_a838 p.; _b25 cm. |
||
| 653 | _aევროკავშირის კონსტიტუციური სამართალი | ||
| 700 |
_aVan Nuffel, Piet _eავტორი _925541 |
||
| 700 |
_aCorthaut, Tim _eრედაქტორი _925542 |
||
| 942 |
_2udc _cᲬᲘᲒᲜᲘ |
||